|
|
|
|
| LEADER |
00000cam a2200000 a 4500 |
| 001 |
71456 |
| 005 |
20230308162357.0 |
| 008 |
000000|1967 ||||||||r|||||||||||spa|| |
| 040 |
|
|
|b spa
|
| 041 |
1 |
|
|a spa
|
| 082 |
0 |
|
|a 728.3
|
| 100 |
1 |
|
|a Hoffmann, Hubert
|9 33851
|
| 245 |
1 |
1 |
|a Conjuntos residenciales de baja densidad: viviendas-terraza, viviendas-patio, viviendas-atrio
|c Hubert Hoffmann
|h imp
|
| 264 |
|
|
|a Barcelona
|b Blume
|c 1967
|
| 300 |
|
|
|a 175 páginas:
|b ilus.
|
| 650 |
1 |
|
|a Vivienda
|9 321
|
| 650 |
1 |
|
|a Conjuntos residenciales
|9 33852
|
| 852 |
|
|
|a UC-CDJBV
|c SEGUNDO PISO
|f Compra
|k mariana.quezada
|l 1
|m General
|p 00000000
|r 2
|t 71456
|b 0
|d CDRC
|e CDRC
|g 728.3 SEGUNDO PISO
|z 0000-00-00
|
| 942 |
|
|
|c BK
|0 1
|
| 999 |
|
|
|c 17894
|d 17894
|